<?xml version="1.0" encoding="UTF-8"?>
<record
    xmlns:xsi="http://www.w3.org/2001/XMLSchema-instance"
    xsi:schemaLocation="http://www.loc.gov/MARC21/slim http://www.loc.gov/standards/marcxml/schema/MARC21slim.xsd"
    xmlns="http://www.loc.gov/MARC21/slim">

  <leader>01294nam a2200241Ia 4500</leader>
  <controlfield tag="003">OSt</controlfield>
  <controlfield tag="005">20210407120356.0</controlfield>
  <controlfield tag="008">210310s1992    ar ad  gr     000 0 spa d</controlfield>
  <datafield tag="020" ind1=" " ind2=" ">
    <subfield code="a">950537092X</subfield>
  </datafield>
  <datafield tag="040" ind1=" " ind2=" ">
    <subfield code="a">CO-JMCR</subfield>
    <subfield code="c">CO-JMCR</subfield>
  </datafield>
  <datafield tag="041" ind1="0" ind2=" ">
    <subfield code="a">spa</subfield>
  </datafield>
  <datafield tag="082" ind1="0" ind2="4">
    <subfield code="a">657.3 / </subfield>
    <subfield code="b">L432c</subfield>
    <subfield code="2">23</subfield>
  </datafield>
  <datafield tag="100" ind1="1" ind2=" ">
    <subfield code="a">Lazzati, Santiag,  </subfield>
    <subfield code="e">autor</subfield>
    <subfield code="9">25548</subfield>
  </datafield>
  <datafield tag="245" ind1=" " ind2="0">
    <subfield code="a">Contabilidad e inflaci&#xF3;n : </subfield>
    <subfield code="b">conceptos fundamentales / </subfield>
    <subfield code="c">Santiago Lazzati </subfield>
  </datafield>
  <datafield tag="250" ind1=" " ind2=" ">
    <subfield code="a">Tercera edici&#xF3;n </subfield>
  </datafield>
  <datafield tag="260" ind1=" " ind2=" ">
    <subfield code="c">1992</subfield>
    <subfield code="a">Buenos Aires, </subfield>
    <subfield code="b">Macchi, </subfield>
  </datafield>
  <datafield tag="300" ind1=" " ind2=" ">
    <subfield code="b">250 p&#xE1;ginas : </subfield>
    <subfield code="a">ilustraciones y graficas en blanco y negro ; </subfield>
    <subfield code="c">22 cm.</subfield>
  </datafield>
  <datafield tag="500" ind1=" " ind2=" ">
    <subfield code="a">datos biogr&#xE1;ficos del autor en tapa posterior.</subfield>
  </datafield>
  <datafield tag="505" ind1=" " ind2=" ">
    <subfield code="a">Los estados contables y los cambios de precios. -- Critica de la unidad de medida de la contabilidad hist&#xF3;rica. -- Conversi&#xF3;n a moneda homog&#xE9;nea. -- Comportamiento de activos y pasivos frente a los cambios en los precios. Ajustes por niveles general de precios de los estados contables. -- Efecto del ajuste por nivel general de precios sobre los resultados. -- Rese&#xF1;a de los sistemas contables b&#xE1;sicos. -- La elecci&#xF3;n del sistema m&#xE1;s conveniente. -- Tratamiento de los resultados monetarios.  </subfield>
  </datafield>
  <datafield tag="650" ind1="1" ind2="4">
    <subfield code="a">Contabilidad e inflaci&#xF3;n.</subfield>
    <subfield code="9">25550</subfield>
  </datafield>
  <datafield tag="650" ind1="2" ind2="4">
    <subfield code="a">Ajustes por inflaci&#xF3;n.</subfield>
    <subfield code="x">Inflaci&#xF3;n</subfield>
    <subfield code="9">36690</subfield>
  </datafield>
  <datafield tag="942" ind1=" " ind2=" ">
    <subfield code="2">ddc</subfield>
    <subfield code="c">BK</subfield>
  </datafield>
  <datafield tag="999" ind1=" " ind2=" ">
    <subfield code="c">11449</subfield>
    <subfield code="d">11449</subfield>
  </datafield>
  <datafield tag="952" ind1=" " ind2=" ">
    <subfield code="0">0</subfield>
    <subfield code="1">0</subfield>
    <subfield code="2">ddc</subfield>
    <subfield code="4">0</subfield>
    <subfield code="7">0</subfield>
    <subfield code="a">CPL</subfield>
    <subfield code="b">CPL</subfield>
    <subfield code="c">GEN</subfield>
    <subfield code="d">2018-04-15</subfield>
    <subfield code="e">Donaci&#xF3;n</subfield>
    <subfield code="l">1</subfield>
    <subfield code="o">657.3 / L432c</subfield>
    <subfield code="p">430011700</subfield>
    <subfield code="r">2024-05-16 00:00:00</subfield>
    <subfield code="s">2023-04-28</subfield>
    <subfield code="t">Ej.1</subfield>
    <subfield code="w">2018-04-15</subfield>
    <subfield code="y">BK</subfield>
  </datafield>
</record>
